Finančné deriváty - forward na úrokovú mieru

Objasnenie problematiky finančného inžinierstva. Pojmové vymedzenie finančného derivátu. Základná klasifikácia finančných derivátov. Forward na úrokovú mieru. Praktické príklady.

Na minha lista:
Detalhes bibliográficos
Autor principal: Markovič, Peter, 1974-
Formato: Capítulo de Livro
Idioma:eslovaco
Assuntos:
Tags: Adicionar Tag
Sem tags, seja o primeiro a adicionar uma tag!

MARC

LEADER 00000naa a2200000 4500
001 r043759
005 20240502071338.1
041 0 |a slo 
044 |a SK 
245 1 0 |a Finančné deriváty - forward na úrokovú mieru  |c Peter Markovič 
520 |a Objasnenie problematiky finančného inžinierstva. Pojmové vymedzenie finančného derivátu. Základná klasifikácia finančných derivátov. Forward na úrokovú mieru. Praktické príklady. 
610 2 0 |a deriváty 
610 2 0 |a forwardy 
610 2 0 |a manažment finančný 
610 2 0 |a miera úroková 
100 1 |a Markovič, Peter, 1974-